000 00300nam a22001217a 4500
020 _aNA
082 _222
_a620.00420285
100 _aNA
245 _aAuto cad 2010 :
_breference guide 1 /
260 _aNew Delhi,
_bCADD Centre,
_cc2009.
300 _avi, 344 p.
_bill. ;
_c23 cm.
942 _2ddc
_cCIVIL
_01
999 _c3869
_d3869